La protection des droits de l'homme dans l'administration de la justice pénale dans les pays d'Europe centrale et orientale et en Union Soviétique

Gespeichert in:  
Bibliographische Detailangaben
1. VerfasserIn: Cario, Robert (Verfasst von)
Medienart: Druck Aufsatz
Sprache:Französisch
Veröffentlicht: 1992
In: Revue de science criminelle et de droit pénal comparé
Jahr: 1992, Heft: 4, Seiten: 823-831
Verfügbarkeit prüfen: HBZ Gateway
Schlagwörter:

MARC

LEADER 00000caa a22000002c 4500
001 1640175059
003 DE-627
005 20220608131321.0
007 tu
008 160223s1992 xx ||||| 00| ||fre c
035 |a (DE-627)1640175059 
035 |a (DE-576)456072683 
035 |a (DE-599)BSZ456072683 
040 |a DE-627  |b ger  |c DE-627  |e rakwb 
041 |a fre 
100 1 |a Cario, Robert  |4 aut 
245 1 3 |a La protection des droits de l'homme dans l'administration de la justice pénale dans les pays d'Europe centrale et orientale et en Union Soviétique  |c Robert Cario 
264 1 |c 1992 
336 |a Text  |b txt  |2 rdacontent 
337 |a ohne Hilfsmittel zu benutzen  |b n  |2 rdamedia 
338 |a Band  |b nc  |2 rdacarrier 
773 0 8 |i In  |t Revue de science criminelle et de droit pénal comparé  |d Paris : Dalloz, 1936  |g (1992), 4, Seite 823-831  |w (DE-627)129487120  |w (DE-600)205399-8  |w (DE-576)014878747  |x 0035-1733  |7 nnas 
773 1 8 |g year:1992  |g number:4  |g pages:823-831 
935 |a mkri 
951 |a AR 
ELC |b 1 
LOK |0 000 xxxxxcx a22 zn 4500 
LOK |0 001 3301575838 
LOK |0 003 DE-627 
LOK |0 004 1640175059 
LOK |0 005 20160223101301 
LOK |0 008 160208||||||||||||||||ger||||||| 
LOK |0 040   |a DE-21-110  |c DE-627  |d DE-21-110 
LOK |0 689   |a s  |a Menschenrechte 
LOK |0 689   |a s  |a Strafverfahren 
LOK |0 852   |z Kein Bestand am IfK; Nachweis für KrimDok 
LOK |0 852   |a DE-21-110 
LOK |0 852 1  |m v  |9 00 
LOK |0 935   |a k110 
LOK |0 938   |k v 
LOK |0 939   |a 08-02-16  |b l01 
ORI |a SA-MARC-krimdoka001.raw